[Event "Toronto op"]
[Site "Toronto, CAN"]
[Date "2014.04.19"]
[Round "4"]
[White "Peev, Pavel"]
[Black "Du, Digeng"]
[Result "1/2-1/2"]
[WhiteElo "2221"]
[BlackElo "2286"]
[PlyCount "82"]
[EventDate "2014.04.18"]
[EventType "swiss"]
[EventRounds "6"]
[EventCountry "CAN"]

1. e4 d6 2. d4 Nf6 3. Nc3 g6 4. Be3 Bg7 5. f3 c6 6. Qd2 O-O 7. Bh6 Qa5 8. Bxg7
Kxg7 9. h4 h5 10. Bc4 d5 11. exd5 b5 12. Bb3 b4 13. Ne4 cxd5 14. Nxf6 exf6 15.
Ne2 Nc6 16. O-O Ba6 17. Rfe1 Bxe2 18. Rxe2 Qb6 19. c3 Rfd8 20. Qf4 Qb8 21. Qxb8
Raxb8 22. Rae1 bxc3 23. bxc3 Rd6 24. Re8 Rb7 25. Rc8 Na5 26. Ba4 Re6 27. Rxe6
fxe6 28. Rc5 Nc4 29. Bb5 Nd6 30. a4 Nf5 31. Kf2 Nxh4 32. Rc6 Kf7 33. c4 dxc4
34. g4 hxg4 35. fxg4 g5 36. Bxc4 Re7 37. d5 exd5 38. Bxd5+ Kg7 39. Be6 Ng6 40.
Bf5 Ne5 41. Rc3 Kf7 1/2-1/2

[Event "Toronto op"]
[Site "Toronto, CAN"]
[Date "2014.04.19"]
[Round "4"]
[White "Southam, David"]
[Black "Filipovich, David"]
[Result "0-1"]
[WhiteElo "2208"]
[BlackElo "2223"]
[PlyCount "60"]
[EventDate "2014.04.18"]
[EventType "swiss"]
[EventRounds "6"]
[EventCountry "CAN"]

1. d4 g6 2. Nf3 Bg7 3. Bg5 Nf6 4. Nbd2 d5 5. e3 O-O 6. Be2 Nbd7 7. b4 c6 8. a4
Re8 9. c3 e5 10. O-O h6 11. Bh4 g5 12. Bg3 Nh5 13. Ne1 Nxg3 14. fxg3 a5 15. Nb3
axb4 16. cxb4 exd4 17. exd4 Qe7 18. Ra2 Qxb4 19. Kh1 Nf6 20. Nd3 Qe7 21. Qc2
Ne4 22. g4 Nd6 23. Rf2 Bxg4 24. a5 Bxe2 25. Rxe2 Qxe2 26. Qxe2 Rxe2 27. Rxe2
Nf5 28. Nb4 Nxd4 29. Nxd4 Bxd4 30. a6 Bc3 0-1

[Event "Toronto op"]
[Site "Toronto, CAN"]
[Date "2014.04.20"]
[Round "5"]
[White "Derraugh, Geordie"]
[Black "Gerzhoy, Leonid"]
[Result "0-1"]
[WhiteElo "2368"]
[BlackElo "2583"]
[PlyCount "84"]
[EventDate "2014.04.18"]
[EventType "swiss"]
[EventRounds "6"]
[EventCountry "CAN"]

1. e4 c6 2. c4 e5 3. Nf3 d6 4. d4 Nd7 5. Nc3 Ngf6 6. Be2 Be7 7. O-O O-O 8. Re1
a6 9. a4 a5 10. Bg5 h6 11. dxe5 dxe5 12. Bh4 Qc7 13. Bg3 Rd8 14. Nh4 Nc5 15.
Qc2 Ne6 16. Nf5 Bc5 17. Bh4 g5 18. Bg3 Nd4 19. Nxd4 Bxd4 20. Rad1 Be6 21. Nd5
cxd5 22. Rxd4 Nxe4 23. Qd3 Nxg3 24. Qxg3 dxc4 25. Re4 f6 26. h4 Rac8 27. Rc1
Rd4 28. Qe3 Qd6 29. hxg5 hxg5 30. Qf3 Kg7 31. Rxd4 exd4 32. Qxb7+ Rc7 33. Qb8
Qe5 34. Bd3 Bf7 35. Bb1 d3 36. g3 d2 37. Rf1 Rd7 38. Qxe5 fxe5 39. Bc2 Bg6 40.
Bd1 Bd3 41. Kg2 Bxf1+ 42. Kxf1 Rb7 0-1

[Event "Toronto op"]
[Site "Toronto, CAN"]
[Date "2014.04.20"]
[Round "5"]
[White "Du, Digeng"]
[Black "Southam, David"]
[Result "0-1"]
[WhiteElo "2286"]
[BlackElo "2208"]
[PlyCount "88"]
[EventDate "2014.04.18"]
[EventType "swiss"]
[EventRounds "6"]
[EventCountry "CAN"]

1. d4 e6 2. c4 f5 3. g3 Nf6 4. Bg2 c6 5. Nf3 d5 6. O-O Bd6 7. b3 Qe7 8. a4 a5
9. Ba3 b6 10. Qc1 O-O 11. Bxd6 Qxd6 12. Qa3 Qxa3 13. Nxa3 Na6 14. Ne5 Bb7 15.
Nc2 c5 16. Rfd1 Rfd8 17. Rab1 Rac8 18. cxd5 Bxd5 19. dxc5 Nxc5 20. Nd4 Bxb3 21.
Nxb3 Rxd1+ 22. Rxd1 Nxb3 23. Nc6 Kf8 24. Rb1 Nd5 25. Ne5 Rc1+ 26. Rxc1 Nxc1 27.
e4 fxe4 28. Bxe4 Ne2+ 29. Kf1 Nec3 30. Bc2 Ke7 31. Ke1 Kd6 32. Nd3 h6 33. Kd2
Ne4+ 34. Kc1 Nc5 35. Nb2 Ke5 36. Kd2 Kd4 37. f3 Ne3 38. Bd3 g5 39. Bb5 e5 40.
h4 e4 41. hxg5 hxg5 42. Ke2 exf3+ 43. Kxf3 g4+ 44. Kf4 Ne6# 0-1

[Event "Toronto op"]
[Site "Toronto, CAN"]
[Date "2014.04.20"]
[Round "5"]
[White "Filipovich, David"]
[Black "Cheng, Bindi"]
[Result "0-1"]
[WhiteElo "2223"]
[BlackElo "2522"]
[PlyCount "76"]
[EventDate "2014.04.18"]
[EventType "swiss"]
[EventRounds "6"]
[EventCountry "CAN"]

1. Nf3 Nf6 2. g3 d5 3. Bg2 c6 4. c4 Bf5 5. b3 e6 6. Bb2 h6 7. d3 Be7 8. O-O O-O
9. Nbd2 Bh7 10. Qc2 Nbd7 11. a3 a5 12. Bc3 c5 13. cxd5 exd5 14. Ne5 d4 15. Nxd7
Qxd7 16. Bb2 Bf5 17. Nc4 Ra6 18. e3 dxe3 19. Ne5 Qc8 20. fxe3 Bh3 21. Bc3 Bxg2
22. Qxg2 Qe6 23. Qxb7 Nd5 24. Bb2 Rb6 25. Qd7 Nxe3 26. Qxe6 fxe6 27. Rxf8+ Bxf8
28. Bc3 Rxb3 29. Bxa5 Nc2 30. Rc1 Nd4 31. Rc4 Bd6 32. Nd7 Rxa3 33. Bb6 Rxd3 34.
Nxc5 Rd2 35. Rxd4 Rxd4 36. Nxe6 Re4 37. Nd4 Bc7 38. Bc5 Re5 0-1

[Event "Toronto op"]
[Site "Toronto, CAN"]
[Date "2014.04.20"]
[Round "5"]
[White "Sambuev, Bator"]
[Black "Sapozhnikov, Roman"]
[Result "0-1"]
[WhiteElo "2727"]
[BlackElo "2385"]
[PlyCount "96"]
[EventDate "2014.04.18"]
[EventType "swiss"]
[EventRounds "6"]
[EventCountry "CAN"]

1. d4 Nf6 2. Nf3 e6 3. e3 c5 4. Bd3 d5 5. b3 Nc6 6. O-O Bd6 7. Bb2 O-O 8. a3 b6
9. Nbd2 Bb7 10. Qe2 Rc8 11. Ne5 Qc7 12. f4 Ne7 13. dxc5 Bxc5 14. b4 Bd6 15. c4
a5 16. Rac1 Qb8 17. b5 a4 18. Ndf3 Bc5 19. Nd7 Nxd7 20. Bxh7+ Kxh7 21. Ng5+ Kg6
22. Qg4 f5 23. Qg3 Nf6 24. Be5 Nh5 25. Qh3 Bd6 26. g4 Nf6 27. gxf5+ Nxf5 28.
Nxe6 Rh8 29. Qg2+ Kf7 30. cxd5 Bxe5 31. Rxc8 Rxc8 32. fxe5 Qxe5 33. e4 Nxe4 34.
Qxe4 Qxe4 35. Ng5+ Kg6 36. Nxe4 Bxd5 37. Nf2 Rc2 38. h3 Kg5 39. Rd1 Bf3 40. Rd3
Kf4 41. h4 Ne3 42. Rd7 g6 43. Rd6 Kg3 44. Rxg6+ Ng4 45. Nd3 Rg2+ 46. Kf1 Be2+
47. Ke1 Bxd3 48. Rxb6 Ne3 0-1

[Event "Toronto op"]
[Site "Toronto, CAN"]
[Date "2014.04.20"]
[Round "6"]
[White "Itkin, David"]
[Black "Sambuev, Bator"]
[Result "0-1"]
[WhiteElo "2206"]
[BlackElo "2727"]
[PlyCount "99"]
[EventDate "2014.04.18"]
[EventType "swiss"]
[EventRounds "6"]
[EventCountry "CAN"]

1. e4 e6 2. d4 d5 3. Nc3 Bb4 4. exd5 exd5 5. Bd3 Nc6 6. a3 Bxc3+ 7. bxc3 Nge7
8. Qf3 Be6 9. Rb1 b6 10. Ne2 Qd7 11. h3 Bf5 12. Ng3 Bxd3 13. cxd3 O-O 14. O-O
Ng6 15. Nh5 f6 16. Re1 Qf7 17. Bf4 Rae8 18. Bg3 Re7 19. Rxe7 Ncxe7 20. Re1 Nc8
21. Qe2 Rd8 22. Nf4 Nf8 23. Qg4 Nd6 24. a4 a5 25. h4 g6 26. h5 Nf5 27. hxg6
hxg6 28. Bh2 Ng7 29. Bg3 Qd7 30. Qf3 Kf7 31. c4 dxc4 32. dxc4 Re8 33. Rxe8 Nxe8
34. Nd5 Ne6 35. Bh4 Nxd4 36. Qe4 Nf5 37. Nc3 Qe6 38. Bg3 Nxg3 39. fxg3 Qxe4 40.
Nxe4 Ke6 41. Kf2 Nd6 42. Nd2 Ke5 43. Ke3 Nf5+ 44. Kd3 Nxg3 45. c5 Kd5 46. cxb6
cxb6 47. Nc4 Kc5 48. Kc3 Ne4+ 49. Kd3 Nd6 50. Nb2 0-1

[Event "Toronto op"]
[Site "Toronto, CAN"]
[Date "2014.04.20"]
[Round "6"]
[White "Peev, Pavel"]
[Black "Filipovich, David"]
[Result "1/2-1/2"]
[WhiteElo "2221"]
[BlackElo "2223"]
[PlyCount "64"]
[EventDate "2014.04.18"]
[EventType "swiss"]
[EventRounds "6"]
[EventCountry "CAN"]

1. e4 c6 2. d4 d5 3. exd5 cxd5 4. c4 Nf6 5. Nc3 Nc6 6. Nf3 Bg4 7. Be2 e6 8. O-O
Be7 9. a3 dxc4 10. Bxc4 O-O 11. Be3 Rc8 12. Be2 Nd5 13. Rc1 Nxc3 14. Rxc3 Bf6
15. Rd3 Bf5 16. Rd2 Be4 17. Ne5 Qc7 18. Ng4 Be7 19. f3 Bd5 20. f4 Na5 21. f5
exf5 22. Rxf5 Be4 23. Rf4 Bc2 24. Qf1 Nb3 25. Rxc2 Qxc2 26. Bd3 Qxb2 27. Nh6+
gxh6 28. Rg4+ Kh8 29. Qf5 Rc1+ 30. Bxc1 Qxc1+ 31. Kf2 Qd2+ 32. Kf3 Nxd4+
1/2-1/2

[Event "Toronto op"]
[Site "Toronto, CAN"]
[Date "2014.04.20"]
[Round "6"]
[White "Sapozhnikov, Roman"]
[Black "Cheng, Bindi"]
[Result "0-1"]
[WhiteElo "2385"]
[BlackElo "2522"]
[PlyCount "44"]
[EventDate "2014.04.18"]
[EventType "swiss"]
[EventRounds "6"]
[EventCountry "CAN"]

1. d4 Nf6 2. c4 g6 3. Nc3 d5 4. Nf3 Bg7 5. Qb3 dxc4 6. Qxc4 O-O 7. e4 a6 8. Be2
b5 9. Qb3 c5 10. dxc5 Be6 11. Qc2 Nbd7 12. Be3 Rc8 13. Ng5 Nxc5 14. Bxc5 Rxc5
15. Nxe6 fxe6 16. Qb3 Re5 17. Bf3 Nd7 18. Rd1 Qc7 19. O-O Nc5 20. Qb4 Rxf3 21.
gxf3 Rg5+ 22. Kh1 Qf4 0-1

[Event "Toronto op U1600"]
[Site "Toronto CAN"]
[Date "2014.04.18"]
[Round "1"]
[White "Bercovici, Mark"]
[Black "Pirri, Daniele"]
[Result "0-1"]
[WhiteElo "1229"]
[BlackElo "1472"]
[PlyCount "34"]
[EventDate "2014.04.18"]
[EventType "swiss"]
[EventRounds "6"]
[EventCountry "CAN"]

1. e4 e5 2. Nc3 Bc5 3. f4 Bxg1 4. Rxg1 Qh4+ 5. g3 Qxh2 6. Ne2 d6 7. d4 Bg4 8.
Rg2 Qh5 9. Qd3 Nd7 10. Bd2 Ngf6 11. Nc3 O-O 12. Be3 Rfe8 13. Be2 Rad8 14. O-O-O
Bxe2 15. Nxe2 Qf3 16. Rf2 Qxe4 17. Qd2 Ng4 0-1

[Event "Toronto op U1600"]
[Site "Toronto CAN"]
[Date "2014.04.18"]
[Round "1"]
[White "Forsyth, Dane"]
[Black "Pishdad, Hassan"]
[Result "1-0"]
[WhiteElo "1469"]
[BlackElo "1188"]
[PlyCount "63"]
[EventDate "2014.04.18"]
[EventType "swiss"]
[EventRounds "6"]
[EventCountry "CAN"]

1. e4 c5 2. c3 e6 3. d4 cxd4 4. cxd4 d5 5. e5 Nc6 6. Nf3 Bb4+ 7. Bd2 Bxd2+ 8.
Nbxd2 a6 9. Nb3 Nge7 10. Be2 b6 11. O-O O-O 12. Rc1 Bb7 13. a3 Rc8 14. Bd3 Ng6
15. Ne1 Nce7 16. f4 Rxc1 17. Qxc1 f5 18. exf6 Rxf6 19. g3 Qd6 20. Nf3 Rf8 21.
Re1 Rc8 22. Qe3 Rf8 23. Ng5 e5 24. fxe5 Qd7 25. Qe2 Bc8 26. e6 Qb7 27. h4 Qc7
28. Kg2 h6 29. Qh5 Qf4 30. Rf1 Qe3 31. Rxf8+ Nxf8 32. Qf7+ 1-0

[Event "Toronto op U1600"]
[Site "Toronto CAN"]
[Date "2014.04.18"]
[Round "1"]
[White "Kurkowski, Ken"]
[Black "England, Max"]
[Result "1-0"]
[WhiteElo "1479"]
[BlackElo "1029"]
[PlyCount "55"]
[EventDate "2014.04.18"]
[EventType "swiss"]
[EventRounds "6"]
[EventCountry "CAN"]

1. d4 Nf6 2. c4 e6 3. Nc3 d5 4. cxd5 Nxd5 5. Nf3 Bb4 6. Bd2 Nc6 7. e4 Bxc3 8.
bxc3 Nb6 9. Be2 Qd6 10. O-O h5 11. e5 Qd5 12. Qc2 Nc4 13. Ng5 Nxd2 14. Qxd2 Ne7
15. c4 Qc6 16. Rac1 b6 17. Bf3 Qd7 18. Bxa8 c6 19. Rfd1 f6 20. Ne4 Rf8 21. exf6
gxf6 22. Qf4 Ng6 23. Nxf6+ Ke7 24. Nxd7 Nxf4 25. Nxf8 Ne2+ 26. Kf1 Nxc1 27.
Rxc1 Kxf8 28. Bxc6 1-0

[Event "Toronto op U1600"]
[Site "Toronto CAN"]
[Date "2014.04.18"]
[Round "2"]
[White "Mendoza, Armand"]
[Black "Gillis, Doug"]
[Result "1-0"]
[WhiteElo "1553"]
[BlackElo "1430"]
[PlyCount "121"]
[EventDate "2014.04.18"]
[EventType "swiss"]
[EventRounds "6"]
[EventCountry "CAN"]

1. d4 e6 2. Bf4 Nf6 3. e3 d5 4. Nf3 c5 5. Bb5+ Bd7 6. Qe2 a6 7. Bxd7+ Nbxd7 8.
O-O Qb6 9. c3 Be7 10. h3 O-O 11. Kh1 Rac8 12. Ne5 Nxe5 13. Bxe5 Nd7 14. Bg3 Nf6
15. Bh4 Rfe8 16. Bxf6 Bxf6 17. f4 g6 18. Na3 c4 19. Rab1 Bg7 20. Nc2 Bf8 21.
Ne1 Qa5 22. a3 Bg7 23. Nf3 f6 24. Qf2 Qc7 25. Rbe1 e5 26. fxe5 fxe5 27. Ng5
exd4 28. exd4 Rxe1 29. Qxe1 Qc6 30. Rf7 Re8 31. Qf2 Qd6 32. Rxg7+ Kxg7 33. Qf7+
Kh6 34. Qxe8 Kxg5 35. Qf7 b5 36. Qxh7 Qf4 37. Qe7+ Kh6 38. Qe1 Qf5 39. Kg1 Qc2
40. Qf2 Qb1+ 41. Kh2 Qe4 42. g3 Kh7 43. g4 Kg7 44. g5 Qe7 45. h4 Qd6+ 46. Qg3
Qd7 47. Qe5+ Kh7 48. Kg3 a5 49. Qf6 Qc7+ 50. Kf3 Qd7 51. Kf4 Qc7+ 52. Kg4 Qd7+
53. Kf4 Qc7+ 54. Kf3 Qd7 55. Kg3 a4 56. h5 gxh5 57. Qh6+ Kg8 58. Qg6+ Kf8 59.
Qxh5 Kg8 60. g6 Qe7 61. Qxd5+ 1-0

[Event "Toronto op U1600"]
[Site "Toronto CAN"]
[Date "2014.04.18"]
[Round "2"]
[White "Pirri, Daniele"]
[Black "Archibald, Colin"]
[Result "1-0"]
[WhiteElo "1472"]
[BlackElo "1393"]
[PlyCount "63"]
[EventDate "2014.04.18"]
[EventType "swiss"]
[EventRounds "6"]
[EventCountry "CAN"]

1. d4 d5 2. c4 e6 3. Nf3 c6 4. Bf4 h6 5. e3 Nf6 6. Nc3 Be7 7. Bd3 Nbd7 8. O-O
a6 9. a3 b5 10. c5 a5 11. Re1 Nf8 12. Ne5 Bb7 13. Nxb5 g5 14. Bg3 h5 15. h3 Ne4
16. Bxe4 dxe4 17. Nc3 f5 18. Na4 Ra6 19. Qb3 Ra7 20. Nb6 Rh6 21. Qa4 Ra6 22.
Nxc6 Bxc6 23. Qxc6+ Kf7 24. Qb5 Ra7 25. b4 axb4 26. axb4 Rxa1 27. Rxa1 Qe8 28.
Qxe8+ Kxe8 29. c6 Bd8 30. Ra8 Kf7 31. Rxd8 Ng6 32. c7 1-0

[Event "Toronto op U1600"]
[Site "Toronto CAN"]
[Date "2014.04.18"]
[Round "2"]
[White "Pishdad, Hassan"]
[Black "Velazquez, Alex"]
[Result "0-1"]
[WhiteElo "1188"]
[BlackElo "1250"]
[PlyCount "102"]
[EventDate "2014.04.18"]
[EventType "swiss"]
[EventRounds "6"]
[EventCountry "CAN"]

1. d4 d5 2. c4 e6 3. cxd5 exd5 4. Nc3 Nf6 5. Bg5 Be7 6. e3 Bg4 7. Be2 Bxe2 8.
Ngxe2 O-O 9. Nf4 c6 10. Qb3 Qd7 11. h3 h6 12. Bxf6 Bxf6 13. O-O Na6 14. a3 Rab8
15. Qa4 Qc7 16. Rac1 Bg5 17. Ncxd5 Qd6 18. Nc3 Bxf4 19. exf4 Qxf4 20. Rcd1 Rfd8
21. Ne2 Qh4 22. Qb3 Nc7 23. Qc2 Rd5 24. Kh2 Ne6 25. g3 Qf6 26. Qe4 Rbd8 27. f4
Nxd4 28. Nxd4 Rxd4 29. Rxd4 Qxd4 30. Qxd4 Rxd4 31. Rf2 Kf8 32. Re2 f6 33. h4 h5
34. Kg2 Kf7 35. Kf3 c5 36. Ke3 f5 37. Rc2 Re4+ 38. Kf3 c4 39. Rc3 b5 40. b4 Ke6
41. Rc1 Rd4 42. Re1+ Kf7 43. Re3 a6 44. Ke2 g6 45. Rc3 Ke6 46. Ke3 Re4+ 47. Kd2
Kd5 48. Rf3 Kd4 49. Rc3 Re2+ 50. Kxe2 Kxc3 51. Ke3 Kb2 0-1

[Event "Toronto op U1600"]
[Site "Toronto CAN"]
[Date "2014.04.18"]
[Round "3"]
[White "England, Max"]
[Black "Dhaliwal, Jatinder"]
[Result "0-1"]
[WhiteElo "1029"]
[BlackElo "1412"]
[PlyCount "108"]
[EventDate "2014.04.18"]
[EventType "swiss"]
[EventRounds "6"]
[EventCountry "CAN"]

1. e4 c5 2. Nf3 Nc6 3. d4 cxd4 4. Nxd4 e5 5. Nb5 d6 6. N1c3 a6 7. Na3 Nf6 8.
Bg5 Be7 9. Qd2 Be6 10. Bc4 Bxc4 11. Bxf6 Bxf6 12. Nxc4 Nd4 13. Nd5 Rc8 14. Nce3
Bg5 15. c3 Bxe3 16. Nxe3 Ne6 17. Rd1 Qg5 18. Qxd6 Rd8 19. Qb6 Rxd1+ 20. Kxd1
O-O 21. Kc2 Qh4 22. f3 Qf2+ 23. Kb3 Rc8 24. Nd5 Nc5+ 25. Ka3 Qc2 26. b3 Nd3 27.
Nb4 Qb2+ 28. Ka4 Nxb4 29. Qxb4 b5+ 30. Ka5 Qxa2+ 31. Kb6 Qf2+ 32. Kb7 Rd8 33.
Qe7 Qd2 34. Kc7 Rf8 35. Qxe5 Qd8+ 36. Kc6 Qa8+ 37. Kb6 a5 38. Kxb5 Rb8+ 39. Kc4
Qa6+ 40. Kd4 Rd8+ 41. Ke3 Qd3+ 42. Kf4 Qd2+ 43. Kg4 Qxg2+ 44. Qg3 Qxh1 45. Qc7
Re8 46. Qc6 Qg2+ 47. Kf4 Qd2+ 48. Kg4 h5+ 49. Kg3 Qg5+ 50. Kf2 Rd8 51. Qb6 Rd2+
52. Ke1 Qg2 53. Qb8+ Kh7 54. Qg3 Qe2# 0-1

[Event "Toronto op U1600"]
[Site "Toronto CAN"]
[Date "2014.04.19"]
[Round "3"]
[White "Forsyth, Dane"]
[Black "Mendoza, Armand"]
[Result "0-1"]
[WhiteElo "1469"]
[BlackElo "1553"]
[PlyCount "98"]
[EventDate "2014.04.18"]
[EventType "swiss"]
[EventRounds "6"]
[EventCountry "CAN"]

1. e4 e6 2. d4 d5 3. e5 c5 4. c3 Bd7 5. Nf3 Qb6 6. Be2 cxd4 7. cxd4 Bb4+ 8. Nc3
Ne7 9. a3 Bxc3+ 10. bxc3 Nbc6 11. Qc2 Rc8 12. Qb1 Qxb1 13. Rxb1 b6 14. O-O Na5
15. Bb2 O-O 16. Nd2 Rc7 17. Rfc1 Rfc8 18. Ba6 Rd8 19. c4 dxc4 20. Bxc4 Bc6 21.
Bc3 Rcd7 22. Bb4 Nf5 23. Bxa5 bxa5 24. Bxe6 fxe6 25. Rxc6 Nxd4 26. Rd6 Rxd6 27.
exd6 Rxd6 28. Rb8+ Kf7 29. Nc4 Rd5 30. g3 g5 31. Rb7+ Kg6 32. Rxa7 Rc5 33. Nxa5
Nf3+ 34. Kf1 Re5 35. g4 Nxh2+ 36. Kg2 Nxg4 37. Kg3 h5 38. Nc6 Rc5 39. Ne7+ Kf6
40. Ng8+ Ke5 41. f3 Ne3 42. Ne7 Nf5+ 43. Nxf5 exf5 44. a4 h4+ 45. Kh3 Kf4 46.
a5 Rc2 47. Rb7 g4+ 48. fxg4 fxg4+ 49. Kxh4 Rh2# 0-1

[Event "Toronto op U1600"]
[Site "Toronto CAN"]
[Date "2014.04.19"]
[Round "3"]
[White "Mourgelas, James"]
[Black "Pirri, Daniele"]
[Result "0-1"]
[WhiteElo "1350"]
[BlackElo "1472"]
[PlyCount "69"]
[EventDate "2014.04.18"]
[EventType "swiss"]
[EventRounds "6"]
[EventCountry "CAN"]

1. d4 d5 2. Nf3 Bf5 3. Bf4 e6 4. e3 Nf6 5. Be2 Bd6 6. Ne5 O-O 7. O-O Nfd7 8.
Nd2 Nxe5 9. dxe5 Be7 10. Nf3 c5 11. c4 Be4 12. Qb3 Qb6 13. Rac1 Qxb3 14. axb3
Nc6 15. Nd2 Rfd8 16. Rfd1 Bg6 17. Ra1 Nb4 18. Nf3 Bc2 19. Rdc1 Bxb3 20. Ne1 a5
21. Bf3 Bxc4 22. e4 Bb3 23. exd5 Bxd5 24. Be2 Nc6 25. Bb5 Nd4 26. Ba4 Ne2+ 27.
Kh1 Nxc1 28. Rxc1 Rab8 29. Be3 b5 30. Bd1 h6 31. Be2 c4 32. h3 a4 33. f3 a3 34.
bxa3 Bxa3 35. Rc3 0-1

[Event "Toronto op U1600"]
[Site "Toronto CAN"]
[Date "2014.04.19"]
[Round "4"]
[White "Kurkowski, Ken"]
[Black "Archibald, Colin"]
[Result "1-0"]
[WhiteElo "1479"]
[BlackElo "1393"]
[PlyCount "77"]
[EventDate "2014.04.18"]
[EventType "swiss"]
[EventRounds "6"]
[EventCountry "CAN"]

1. d4 d5 2. c4 e6 3. Nc3 Nf6 4. cxd5 exd5 5. Bg5 Be7 6. e3 c6 7. Bd3 Be6 8. Nf3
Nbd7 9. O-O h6 10. Bh4 O-O 11. a3 Re8 12. b4 a6 13. Rc1 Bd6 14. Na4 Qe7 15. Nc5
Nxc5 16. bxc5 Bc7 17. Rb1 Bc8 18. Bg3 Ne4 19. Bxe4 Bxg3 20. hxg3 Qxe4 21. Ne5
Re7 22. Qf3 Bf5 23. Qxe4 Bxe4 24. Rb6 f6 25. Nf3 Bd3 26. Rd1 Bb5 27. Nh4 Rd7
28. Nf5 Be2 29. Rd2 Bb5 30. Nd6 Rb8 31. Rb2 Kf8 32. Rb4 a5 33. Rb2 a4 34. Nxb5
cxb5 35. R2xb5 Ra8 36. Rxb7 Ra7 37. c6 Rc7 38. Rxa7 Rxa7 39. Rb8+ 1-0

[Event "Toronto op U1600"]
[Site "Toronto CAN"]
[Date "2014.04.19"]
[Round "4"]
[White "Mendoza, Armand"]
[Black "Pirri, Daniele"]
[Result "1-0"]
[WhiteElo "1553"]
[BlackElo "1472"]
[PlyCount "131"]
[EventDate "2014.04.18"]
[EventType "swiss"]
[EventRounds "6"]
[EventCountry "CAN"]

1. d4 d5 2. Bf4 e6 3. e3 Bd6 4. Bxd6 Qxd6 5. a3 Nf6 6. Bd3 O-O 7. Nd2 e5 8.
dxe5 Qxe5 9. c3 Qg5 10. g3 Qe5 11. Ngf3 Qd6 12. Qc2 c5 13. O-O-O h6 14. Bf5 Be6
15. Bxe6 Qxe6 16. h3 Ne4 17. Nxe4 dxe4 18. Nd2 f5 19. Qb3 Qxb3 20. Nxb3 b6 21.
Rd6 c4 22. Nd4 Na6 23. Ne6 Rf6 24. Rhd1 Kf7 25. Nd8+ Ke8 26. Rxf6 gxf6 27. Nb7
Ke7 28. Nd6 Ke6 29. Nxc4 Nc5 30. Kc2 Nd3 31. Rf1 Rg8 32. b3 h5 33. h4 Kd5 34.
Nb2 Ke5 35. Nxd3+ exd3+ 36. Kxd3 Rd8+ 37. Ke2 Ke4 38. f3+ Ke5 39. Rd1 Rg8 40.
Kf2 Rg7 41. Rd8 Rh7 42. c4 Ke6 43. e4 fxe4 44. Re8+ Kf7 45. Rxe4 Kg6 46. b4 Rd7
47. Ke2 Rd6 48. Ke3 f5 49. Rf4 Re6+ 50. Kd3 Rc6 51. g4 hxg4 52. fxg4 fxg4 53.
Rxg4+ Kh5 54. Re4 Rg6 55. c5 bxc5 56. bxc5 a6 57. Rc4 Rg3+ 58. Kc2 Rg7 59. c6
Rc7 60. Kb3 Kg6 61. Ka4 Kf6 62. Ka5 Ke7 63. Kb6 Kd8 64. Rg4 Rf7 65. c7+ Kd7 66.
Rd4+ 1-0

[Event "Toronto op U1600"]
[Site "Toronto CAN"]
[Date "2014.04.19"]
[Round "4"]
[White "Pishdad, Hassan"]
[Black "England, Max"]
[Result "0-1"]
[WhiteElo "1188"]
[BlackElo "1029"]
[PlyCount "102"]
[EventDate "2014.04.18"]
[EventType "swiss"]
[EventRounds "6"]
[EventCountry "CAN"]

1. d4 Nf6 2. c4 e6 3. Nc3 Bb4 4. a3 Bxc3+ 5. bxc3 d5 6. e3 b6 7. cxd5 Nxd5 8.
Bb2 Bb7 9. Qf3 Qc8 10. e4 Nf6 11. Bd3 Nbd7 12. Ne2 c5 13. Qe3 O-O 14. f3 Qc7
15. O-O Rfe8 16. Qf2 Rac8 17. Rac1 Nf8 18. e5 Nd5 19. c4 Ne7 20. Nc3 a6 21. Be4
cxd4 22. Qxd4 Bxe4 23. Nxe4 Red8 24. Qc3 Nf5 25. Rfd1 Rxd1+ 26. Rxd1 Qxc4 27.
Qxc4 Rxc4 28. Rd2 h6 29. g4 Nh4 30. Kf2 Nhg6 31. Kg3 Nh7 32. Nd6 Rc5 33. f4 Ra5
34. Ne8 Ra4 35. Rd8 Nhf8 36. Bc1 Rc4 37. Be3 Rc3 38. a4 Rxe3+ 39. Kf2 Rh3 40.
Rd6 Rxh2+ 41. Kg3 Ra2 42. Rd4 Ra3+ 43. Kf2 b5 44. axb5 axb5 45. Nd6 Ra2+ 46.
Ke3 Rb2 47. Rd3 b4 48. Nc4 Rb1 49. Nd2 Re1+ 50. Kf3 Rh1 51. Kg3 Rh3+ 0-1

[Event "Toronto op U1600"]
[Site "Toronto CAN"]
[Date "2014.04.19"]
[Round "4"]
[White "Velazquez, Alex"]
[Black "Gilani, Mysha"]
[Result "1-0"]
[WhiteElo "1250"]
[BlackElo "1108"]
[PlyCount "159"]
[EventDate "2014.04.18"]
[EventType "swiss"]
[EventRounds "6"]
[EventCountry "CAN"]

1. e4 e5 2. Nf3 Nc6 3. Bb5 a6 4. Ba4 Nf6 5. d3 b5 6. Bb3 d5 7. Nc3 dxe4 8. dxe4
Bg4 9. Qxd8+ Rxd8 10. Bg5 Be7 11. Bxf6 Bxf6 12. Nd5 Rc8 13. Nxf6+ gxf6 14.
O-O-O Nd4 15. Rd3 Nxb3+ 16. axb3 Ra8 17. Rhd1 c5 18. h3 Bh5 19. Rd6 Bxf3 20.
gxf3 Ke7 21. R6d5 c4 22. bxc4 bxc4 23. Rd7+ Kf8 24. Rc7 Rg8 25. Rxc4 Rg2 26.
Rf1 Rh2 27. Kd2 Rxh3 28. Ke2 Rb8 29. b3 Rd8 30. Ra1 Ra8 31. b4 Ke7 32. Rc6 Rb8
33. Rb1 a5 34. b5 a4 35. Ra6 Rc8 36. Rb2 Rc3 37. Rxa4 Rcxf3 38. Ra1 Rf4 39. Rb4
Rc3 40. Rc1 Kd6 41. b6 Rc8 42. b7 Rb8 43. f3 Kc7 44. c4 Rxb7 45. Rxb7+ Kxb7 46.
Rh1 f5 47. exf5 Rxc4 48. Rxh7 Rc7 49. Ke3 f6 50. Rh6 Rc6 51. Ke4 Rc4+ 52. Kd5
Rc6 53. Rh7+ Kb6 54. Rd7 Rc5+ 55. Ke6 Rc3 56. Kxf6 Rxf3 57. Kxe5 Kc6 58. Rd1
Kc5 59. Ke6 Re3+ 60. Kf7 Rf3 61. f6 Kc6 62. Ke7 Re3+ 63. Kf8 Re6 64. f7 Rf6 65.
Ke7 Rf2 66. f8=Q Rxf8 67. Kxf8 Kc5 68. Ke7 Kc4 69. Kd6 Kc3 70. Kc5 Kc2 71. Rd8
Kc3 72. Rd4 Kc2 73. Kc4 Kb2 74. Rd3 Kc2 75. Kd4 Kb2 76. Rc3 Ka2 77. Kd3 Kb2 78.
Kd2 Ka2 79. Kc2 Ka1 80. Ra3# 1-0

[Event "Toronto op U1600"]
[Site "Toronto CAN"]
[Date "2014.04.20"]
[Round "5"]
[White "England, Max"]
[Black "Archibald, Colin"]
[Result "1-0"]
[WhiteElo "1029"]
[BlackElo "1393"]
[PlyCount "103"]
[EventDate "2014.04.18"]
[EventType "swiss"]
[EventRounds "6"]
[EventCountry "CAN"]

1. e4 c6 2. d4 d5 3. Nc3 dxe4 4. Nxe4 Bf5 5. Bd3 Qxd4 6. Nf3 Qd5 7. Qe2 Bxe4 8.
Bxe4 Qd8 9. O-O Nf6 10. Rd1 Nbd7 11. Ne5 Qc7 12. Nxd7 Nxd7 13. Qf3 Nf6 14. Bf4
Qc8 15. Bd3 e6 16. Rd2 Be7 17. Rad1 O-O 18. Qh3 b6 19. Be5 g6 20. Qh4 Kg7 21.
g4 h6 22. g5 hxg5 23. Qxg5 Rh8 24. Be2 Qe8 25. Rd3 a5 26. Rf3 Rh5 27. Bxf6+
Bxf6 28. Qxf6+ Kg8 29. Rf4 Rf5 30. Rxf5 exf5 31. Bc4 b5 32. Qxg6+ Kf8 33. Qh6+
Kg8 34. Bf1 Qe6 35. Qxe6 fxe6 36. Rd6 Kf7 37. Rxc6 Rb8 38. Rc5 b4 39. Rxa5 Rb6
40. Bc4 Kf6 41. Ra6 Rb7 42. Rxe6+ Kg5 43. Re1 Kf4 44. Ra1 Rd7 45. a4 bxa3 46.
bxa3 Rd2 47. a4 Rxc2 48. Bf1 Rc7 49. a5 Rg7+ 50. Bg2 Ke5 51. a6 f4 52. a7 1-0

[Event "Toronto op U1600"]
[Site "Toronto CAN"]
[Date "2014.04.20"]
[Round "5"]
[White "Korcsak, Andrei"]
[Black "Mendoza, Armand"]
[Result "0-1"]
[WhiteElo "1591"]
[BlackElo "1553"]
[PlyCount "56"]
[EventDate "2014.04.18"]
[EventType "swiss"]
[EventRounds "6"]
[EventCountry "CAN"]

1. e4 e6 2. d4 d5 3. exd5 exd5 4. c4 Nf6 5. Bg5 Bb4+ 6. Nc3 O-O 7. Bxf6 Qxf6 8.
cxd5 Re8+ 9. Be2 Qg5 10. Kf1 Bxc3 11. bxc3 Qxd5 12. Qb3 Qe4 13. Bf3 Qd3+ 14.
Ne2 Nc6 15. Rd1 Qa6 16. Qc2 g6 17. Be4 Bd7 18. Rb1 Rxe4 19. Qxe4 Bf5 20. Qf4
Bxb1 21. Qxc7 Bd3 22. d5 Bxe2+ 23. Ke1 Bf3 24. gxf3 Re8+ 25. Kd1 Qd3+ 26. Kc1
Re2 27. Qc8+ Kg7 28. dxc6 Qc2# 0-1